Manual para la construcción de alambrados /
Guardado en:
| Otros Autores: | |
|---|---|
| Formato: | Libro |
| Publicado: |
Montevideo :
Hemisferio Sur, s/f
|
| Series: | Colección Manuales agropecuarios modernos
|
| Materias: | |
| Etiquetas: |
Agregar Etiqueta
Sin Etiquetas, Sea el primero en etiquetar este registro!
|
| LEADER | 01342nam a22002055a 4500 | ||
|---|---|---|---|
| 001 | CEM.cems015631 | ||
| 005 | 20110518123719.0 | ||
| 008 | 130507b######################000#0#####d | ||
| 003 | CEMS | ||
| 082 | 0 | 4 | |a 631.2 |
| 245 | 0 | 0 | |a Manual para la construcción de alambrados / |c Traducido Por Federico Stanham |
| 260 | |a Montevideo : |b Hemisferio Sur, s/f | ||
| 300 | |a 206 p. | ||
| 490 | 0 | |a Colección Manuales agropecuarios modernos | |
| 505 | 0 | |a Criterios nuevos para la construcción de alambrados -- Materiales -- Postes clavados -- Clavador de postes fabricado en el establecimiento -- Ajuste de la tensión -- La temperatura y la tensión -- Oxidación -- Alambrado tipo "soil-con" -- Alambrados eléctricos -- Principios del alambrado eléctrico -- Cerco de malla de alambre tejido -- El alambrado tipo "hunter" -- Alambrados de postes vivos -- Alambrado flexible "flexifence" -- Porton flexible "flexiflence" -- Alambrado australiano sin portera -- Transporte de materiales -- Conservación de postes en el establecimiento -- Equipo para alambrar -- Máquina para enrollar o desenrollar alambre -- Leyes y la construcción de alambrados | |
| 653 | |a Alambrados-construcción de | ||
| 653 | |a Ganadería | ||
| 653 | |a Alambrados eléctricos | ||
| 700 | 1 | |a Stanham, Federico, trad. | |
| 859 | |a CEMS |b BIB. CEMS - Agricultura |h 631.2 |i M319 |p A7165.79 |t Ej.1 | ||
